Name the Pokémon City #2 - Statistics

General Stats
  • This quiz has been taken 25 times
  • The average score is 10 of 16
Answer Stats
Picture Answer % Correct
Lumiose City
89%
Goldenrod City
84%
Pallet Town
79%
Petalburg City
79%
Hammerlocke
74%
Sandgem Town
74%
Celestic Town
63%
Opelucid City
63%
Fallarbor Town
58%
Humilau City
58%
Lacunosa Town
53%
Zapapico
47%
Fuchsia City
42%
Konikoni City
42%
Vermilion City
42%
Cherrygrove City
37%
No matching quizzes found
Score Distribution
Percent of People with Each Score
Percentile by Number Answered
Your Score History
You have not taken this quiz